A PAKSI ATOMERŐMŰ RAKTÁRAINAK TÁROLÁSI ÉS ANYAGMOZGATÁSI RENDSZERÉNEK KRITIKAI ELEMZÉSE

Bibliográfiai részletek
Szerző: Lacza Zsanett
További közreműködők: Lipák Mária
Dokumentumtípus: Projektmunka
Kulcsszavak:Paksi Atomerőmű
Raktározás
raktári folyamatok
Online Access:http://dolgozattar.uni-bge.hu/16945

MARC

LEADER 00000nnm a2200000 i 4500
001 dolg16945
005 20200921162604.0
008 180518suuuu hu o 000 hun d
040 |a BGE Dolgozattár Repozitórium  |b hun 
041 |a hu 
100 1 |a Lacza Zsanett 
245 1 2 |a A PAKSI ATOMERŐMŰ RAKTÁRAINAK TÁROLÁSI ÉS ANYAGMOZGATÁSI RENDSZERÉNEK KRITIKAI ELEMZÉSE  |c Lacza Zsanett  |h [elektronikus dokumentum] 
246 1 1 |a A PAKSI ATOMERŐMŰ RAKTÁRAINAK TÁROLÁSI ÉS ANYAGMOZGATÁSI RENDSZERÉNEK KRITIKAI ELEMZÉSE 
516 |a Project_work 
695 |a Paksi Atomerőmű 
695 |a Raktározás 
695 |a raktári folyamatok 
700 1 |a Lipák Mária  |e ths 
856 4 0 |u http://dolgozattar.uni-bge.hu/16945/1/Lacza%20Zsanett%20projektmunka.pdf  |z Dokumentum-elérés 
856 4 0 |u http://dolgozattar.uni-bge.hu/16945/7/SKM_C45818051808460.pdf  |z Dokumentum-elérés